| 000 | 00475nam a2200145Ia 4500 | ||
|---|---|---|---|
| 008 | 220216s9999 xx 000 0 und d | ||
| 100 | _aKerns Michael L | ||
| 245 | 0 | _aSynthesis and rheological characterization of branched versus linear solution styrene-butadiene rubber | |
| 260 |
_bRubber Chemistry and Technology _c2002 |
||
| 300 | _a299-308 | ||
| 650 | _aRheological characterization | ||
| 650 | _aStyrene butadiene rubber | ||
| 700 | _aHenning Steven K | ||
| 942 | _cJS | ||
| 999 |
_c70143 _d70143 |
||